|
|
|
|
| LEADER |
01484nam a2200325 a 4500 |
| 001 |
6415 |
| 003 |
BD-DhAAL |
| 005 |
20211130122306.0 |
| 008 |
091121s1995 bg b 000 0 eng d |
| 999 |
|
|
|c 5751
|d 5751
|
| 010 |
|
|
|a 95911334
|
| 020 |
|
|
|a 9848126082
|
| 040 |
|
|
|a DLC
|c DLC
|d BD-DhAAL
|
| 082 |
0 |
0 |
|a 323.195492
|2 21
|
| 100 |
1 |
|
|a Ahmad, Qazi Kholiquzzaman,
|d 1943-
|9 35483
|
| 245 |
1 |
0 |
|a Development and democracy :
|b must there be winners and losers? /
|c Q.K. Ahmad.
|
| 260 |
|
|
|a Dhaka :
|b Bangladesh Unnayan Parishad,
|c 1995.
|
| 300 |
|
|
|a vii,101 pages ;
|c 22 cm.
|
| 504 |
|
|
|a Includes bibliographical references.
|
| 526 |
|
|
|a BIED
|
| 541 |
1 |
|
|a Complimentary copy from BIED
|e 00006415, 35814
|
| 650 |
|
0 |
|a Civil rights movements
|z Bangladesh.
|9 35484
|
| 650 |
|
0 |
|a Democracy
|z Bangladesh.
|9 35485
|
| 651 |
|
0 |
|a Bangladesh
|x Social conditions.
|9 35486
|
| 651 |
|
0 |
|a Bangladesh
|z Economic conditions.
|9 35487
|
| 710 |
2 |
|
|a Bangladesh Unnayan Parishad.
|9 35488
|
| 852 |
4 |
|
|a Ayesha Abed Library
|j BIED Collection
|
| 942 |
|
|
|2 ddc
|c BK
|
| 952 |
|
|
|0 0
|1 0
|2 ddc
|4 0
|6 323_195492000000000_AHM_1995
|7 0
|9 5689
|a BRACUL
|b BRACUL
|c GEN
|d 2009-11-22
|g 0.00
|l 0
|o 323.195492 AHM
|p 3010006415
|r 2009-11-22
|t 1
|w 2009-11-22
|y BK
|x No price found in the accession register.
|
| 952 |
|
|
|0 0
|1 0
|2 ddc
|4 0
|6 323_195492000000000_AHM
|7 0
|9 66549
|a BRACUL
|b BRACUL
|c GEN
|d 2019-09-29
|e Complimentary copy from BIED
|l 1
|m 1
|o 323.195492 AHM
|p 3010035814
|r 2025-05-05
|s 2025-04-23
|t 2
|w 2019-09-29
|y BK
|x Transferred from BIED to General Stacks
|